| 000 | 00896cam a2200313 4500 | ||
|---|---|---|---|
| 001 | L126690 | ||
| 002 | 7742 | ||
| 008 | 040705n2004 000 0 eng u | ||
| 020 | _a072820424X | ||
| 035 | _a(Sirsi) u145257 | ||
| 041 | _aeng | ||
| 050 |
_a333.72 _c18 |
||
| 100 | _aSayce, Sarah | ||
| 245 |
_aBuilding sustainability in the balance _bpromoting stakeholder diaglogue |
||
| 260 |
_aLondon _bEstates Gazette _c2004 |
||
| 300 |
_axi, 132p. _bill. _c31cm. |
||
| 350 | _a35 | ||
| 520 | _aAccompanies main work (L126690) | ||
| 650 | _aSUSTAINABLE CONSTRUCTION | ||
| 650 | _aENVIRONMENTAL SUSTAINABILITY | ||
| 650 | _aSUSTAINABLE BUILDINGS | ||
| 650 | _aSUSTAINABLE DEVELOPMENT | ||
| 650 | _aECONOMIC SUSTAINABILITY | ||
| 651 | 4 | _aENGLAND AND WALES | |
| 690 | _aBUILDING AND CONSTRUCTION-SUSTAINABLE | ||
| 700 | _aWalker, Anthony | ||
| 700 | _aMcIntosh, Angus | ||
| 942 | _n0 | ||
| 999 |
_c108734 _d108734 |
||